00699nam a2200193 4500001000700000003000900007005001700016007000300033008004100036245011300077250001200190260003300202300002800235700003100263700003300294852003300327999001900360952012600379136594ES-MaACL20230906195157.0t|070214s1979 sp r ||||1| spa d00aArteriopatías cerebrales / cdirigida por R. W. Ross Russell ; versión española de J. M. Grau Veciana. a1ª ed. aBarcelona : bToray, c1979. aVIII, 369 p. ; c26 cm.1 aGrau Veciana, J. M.9597601 aRussell, R. W. Ross.9101048 aES-MaACLjC-21809 bR.100642 c136594d136594 00104070aATENEOMbATENEOMcGaleríad2008-01-17eSCl0oC-21809p1142156r2023-02-23 00:00:00w2023-02-23yMONOGRAFIA